El mapa imposible / (Registro nro. 1076)
[ vista simple ]
| 000 -LEADER | |
|---|---|
| fixed length control field | 00787nam a22002291a 4500 |
| 003 - CONTROL NUMBER IDENTIFIER | |
| control field | AR-RoUNCS |
| 005 - DATE AND TIME OF LATEST TRANSACTION | |
| control field | 20260702165557.0 |
| 007 - PHYSICAL DESCRIPTION FIXED FIELD--GENERAL INFORMATION | |
| fixed length control field | ta |
| 008 - FIXED-LENGTH DATA ELEMENTS--GENERAL INFORMATION | |
| fixed length control field | 091203s2008 ag |r 00| f spa d |
| 020 ## - INTERNATIONAL STANDARD BOOK NUMBER | |
| International Standard Book Number | 978-987-04-0975-5 |
| 040 ## - CATALOGING SOURCE | |
| Original cataloging agency | AR-RoUNCS |
| Language of cataloging | spa |
| Transcribing agency | AR-RoUNCS |
| 100 1# - MAIN ENTRY--PERSONAL NAME | |
| Personal name | Bodoc, Liliana, |
| Dates associated with a name | 1958-2018 |
| 245 13 - TITLE STATEMENT | |
| Title | El mapa imposible / |
| Statement of responsibility, etc. | Liliana Bodoc. |
| 250 ## - EDITION STATEMENT | |
| Edition statement | 1a ed. |
| 260 ## - PUBLICATION, DISTRIBUTION, ETC. | |
| Place of publication, distribution, etc. | Buenos Aires : |
| Name of publisher, distributor, etc. | Alfaguara, |
| Date of publication, distribution, etc. | 2008. |
| 300 ## - PHYSICAL DESCRIPTION | |
| Extent | 105 p. ; |
| Dimensions | 22 cm. |
| 490 0# - SERIES STATEMENT | |
| Series statement | Serie Roja |
| 520 ## - SUMMARY, ETC. | |
| Summary, etc. | Lila, Diego y Julián se dedican a investigar aquellos lugares propios de la infancia y el crecimiento, tales como la siesta, la fiebre, la adolescencia, la mentira, las escondidas, el azar. |
| 650 #7 - SUBJECT ADDED ENTRY--TOPICAL TERM | |
| Source of heading or term | embne |
| Topical term or geographic name entry element | Literatura argentina |
| 655 #7 - INDEX TERM--GENRE/FORM | |
| Genre/form data or focus term | Novela |
| Source of term | embne |
| 942 ## - ADDED ENTRY ELEMENTS (KOHA) | |
| Source of classification or shelving scheme | Universal Decimal Classification |
| Koha item type | Obra General |
| Suppress in OPAC | No |
| Withdrawn status | Lost status | Source of classification or shelving scheme | Damaged status | Not for loan | Collection | Home library | Current library | Date acquired | Source of acquisition | Total checkouts | Full call number | Barcode | Date last seen | Price effective from | Koha item type |
|---|---|---|---|---|---|---|---|---|---|---|---|---|---|---|---|
| Universal Decimal Classification | Colección General | Biblioteca Escuela de Ciencias Sociales | Biblioteca Escuela de Ciencias Sociales | 02/07/2026 | Donación 2023 | 82-31(82) B668 | 000220 | 02/07/2026 | 02/07/2026 | Obra General |